<?xml version="1.0" encoding="UTF-8"?><?xml-stylesheet type="text/xsl" href="static/style.xsl"?><OAI-PMH xmlns="http://www.openarchives.org/OAI/2.0/" xmlns:xsi="http://www.w3.org/2001/XMLSchema-instance" xsi:schemaLocation="http://www.openarchives.org/OAI/2.0/ http://www.openarchives.org/OAI/2.0/OAI-PMH.xsd"><responseDate>2026-04-17T02:25:00Z</responseDate><request verb="GetRecord" identifier="oai:www.recercat.cat:2099/11955" metadataPrefix="marc">https://recercat.cat/oai/request</request><GetRecord><record><header><identifier>oai:recercat.cat:2099/11955</identifier><datestamp>2025-07-16T22:30:51Z</datestamp><setSpec>com_2072_1033</setSpec><setSpec>col_2072_452949</setSpec></header><metadata><record xmlns="http://www.loc.gov/MARC21/slim" xmlns:dcterms="http://purl.org/dc/terms/" xmlns:xsi="http://www.w3.org/2001/XMLSchema-instance" xmlns:doc="http://www.lyncode.com/xoai" xsi:schemaLocation="http://www.loc.gov/MARC21/slim http://www.loc.gov/standards/marcxml/schema/MARC21slim.xsd">
   <leader>00925njm 22002777a 4500</leader>
   <datafield ind2=" " ind1=" " tag="042">
      <subfield code="a">dc</subfield>
   </datafield>
   <datafield ind2=" " ind1=" " tag="720">
      <subfield code="a">Navarro, Joan</subfield>
      <subfield code="e">author</subfield>
   </datafield>
   <datafield ind2=" " ind1=" " tag="720">
      <subfield code="a">Canaleta, Xavier</subfield>
      <subfield code="e">author</subfield>
   </datafield>
   <datafield ind2=" " ind1=" " tag="720">
      <subfield code="a">Sancho-Asensio, Andreu</subfield>
      <subfield code="e">author</subfield>
   </datafield>
   <datafield ind2=" " ind1=" " tag="260">
      <subfield code="c">2011-07-05</subfield>
   </datafield>
   <datafield ind2=" " ind1=" " tag="520">
      <subfield code="a">La implantación del Espacio Europeo de Educación&#xd;
Superior (EEES) apuesta, entre otras cosas, por un&#xd;
nuevo modelo educativo en el que el alumno es el&#xd;
actor principal y el profesor queda relegado a un segundo&#xd;
plano. Esto conlleva el replanteamiento de la&#xd;
metodología docente del profesorado así como la reestructuración&#xd;
integral de ciertas asignaturas. En este&#xd;
trabajo se presenta el caso particular de la asignatura&#xd;
Sistemas Operativos Avanzados, impartida en el&#xd;
tercer curso de Ingeniería Técnica en Informática de&#xd;
Sistemas, y se expone cómo dicha asignatura, hasta&#xd;
ahora impartida según el clásico modelo magistral,&#xd;
ha evolucionado a un modelo pragmático basado en&#xd;
la filosofía learning by doing. Este proceso ha requerido&#xd;
una adaptación de las técnicas pedagógicas&#xd;
y del sistema de evaluación, cuyos resultados indican&#xd;
la aceptación del nuevo modelo por parte del&#xd;
alumnado y la mejora en la asimilación de sus conocimientos.&#xd;
Finalmente, el modelo expuesto para esta&#xd;
asignatura podría aplicarse fácilmente a asignaturas&#xd;
de características similares.</subfield>
   </datafield>
   <datafield ind2=" " ind1=" " tag="520">
      <subfield code="a">The European Higher Education Area (EHEA) demands&#xd;
a new teaching model where the student is&#xd;
the main actor and teachers are pushed into the&#xd;
background. This forces practitioners to review the&#xd;
current teaching methodology and the structure of&#xd;
many subjects. This work describes the case of Advanced&#xd;
Operating Systems, a subject taught in the&#xd;
third course of Computer Engineering, which has&#xd;
evolved from a master class paradigm to the learning&#xd;
by doing philosophy. It also shows how the assessment&#xd;
system and teaching methods have been&#xd;
adjusted, proving the acceptance of the new model&#xd;
by the students and improving their assimilation of knowledge. Finally, the aforementioned model used&#xd;
in this subject might be easily applied to other subjects&#xd;
with similar features.</subfield>
   </datafield>
   <datafield ind2=" " ind1=" " tag="520">
      <subfield code="a">Peer Reviewed</subfield>
   </datafield>
   <datafield tag="653" ind2=" " ind1=" ">
      <subfield code="a">Àrees temàtiques de la UPC::Informàtica</subfield>
   </datafield>
   <datafield tag="653" ind2=" " ind1=" ">
      <subfield code="a">Àrees temàtiques de la UPC::Ensenyament i aprenentatge</subfield>
   </datafield>
   <datafield tag="653" ind2=" " ind1=" ">
      <subfield code="a">Computer Science -- Study and teaching</subfield>
   </datafield>
   <datafield tag="653" ind2=" " ind1=" ">
      <subfield code="a">Active learning</subfield>
   </datafield>
   <datafield tag="653" ind2=" " ind1=" ">
      <subfield code="a">Experiential learning</subfield>
   </datafield>
   <datafield tag="653" ind2=" " ind1=" ">
      <subfield code="a">Administración de sistemas operativos</subfield>
   </datafield>
   <datafield tag="653" ind2=" " ind1=" ">
      <subfield code="a">ABP</subfield>
   </datafield>
   <datafield tag="653" ind2=" " ind1=" ">
      <subfield code="a">EEES</subfield>
   </datafield>
   <datafield tag="653" ind2=" " ind1=" ">
      <subfield code="a">Aprendizaje activo</subfield>
   </datafield>
   <datafield tag="653" ind2=" " ind1=" ">
      <subfield code="a">Informàtica -- Ensenyament</subfield>
   </datafield>
   <datafield tag="653" ind2=" " ind1=" ">
      <subfield code="a">Aprenentatge actiu</subfield>
   </datafield>
   <datafield tag="653" ind2=" " ind1=" ">
      <subfield code="a">Aprenentatge per experiència</subfield>
   </datafield>
   <datafield ind2="0" ind1="0" tag="245">
      <subfield code="a">Sistemas operativos avanzados: de la clase magistral al entorno colaborativo</subfield>
   </datafield>
</record></metadata></record></GetRecord></OAI-PMH>